000 00512nam a2200169Ia 4500
999 _c2279
_d2279
020 _a0-89789-005-1
082 _a335.4344 GRU-;
100 _aGruenwald, Oskar
245 0 _aYugoslav search for man: marxist humanism in contemporary Yugoslavia
260 _aUnited States
_bJ.F. Bergin Publishing
_c1983
300 _aix, 438p.
504 _aIncludes index, biblography
650 _aCommunism and Philosophy - Yugoslavia
650 _aCommunism - Yugoslavia
650 _aHumanism - Yugoslavia
942 _cBK